000 00570nam a2200193Ia 4500
003 OSt
005 20201009103047.0
008 190216s9999||||xx |||||||||||||| ||und||
020 _a9780070222946
040 _coclc
082 _a005.432
_bPET/L
100 _aPetersen, Richard
_95511
245 0 _aLinux : The Complete Reference /
_cRichard Petersen
250 _a6th Ed.
260 _bTata Mcgraw Hill Publishing Company Ltd,
_c2011.
_aNew Delhi:
300 _a838p
650 _aComputer
942 _cBK
_2ddc
_h005.432
_iPET/L
_k005.432
_mPET/L
999 _c9046
_d9046